Statistics for Airlines at LCY

Click here to take the quiz!

General Stats

  • This quiz has been taken 161 times
  • The average score is 9 of 10

Answer Stats

Hints where they fly fromAnswer% Correct
AmsterdamKLM
99%
FrankfurtLufthansa
99%
Geneva zurichSwiss
99%
All overBritish airways
94%
DublinAer lingus
93%
MilanAlitalia
93%
LisbonTap
93%
WarsawLot
92%
LuxembourgLuxair
79%
All overFlybe
60%

Score Distribution

Percentile by Number Answered

Percent of People with Each Score

Your Score History

You have not taken this quiz